| 000 | 00997cam a22003011 4500 | ||
|---|---|---|---|
| 999 |
_c127695 _d127695 |
||
| 001 | 9406327 | ||
| 003 | ARRUPE | ||
| 005 | 20180320092614.0 | ||
| 008 | 720301s1966 nyub b 000 0 eng | ||
| 010 | _a 66004670 | ||
| 035 | _a(OCoLC)253623 | ||
| 040 |
_aDLC _cODaWU _dOCoLC _dDLC |
||
| 042 | _apremarc | ||
| 050 | 0 | 0 |
_aCB253 _b.D4 1966 |
| 082 | _a901.9 | ||
| 100 | 1 |
_aDean, Vera Micheles, _d1903-1972. _940747 |
|
| 245 | 1 | 4 |
_aThe nature of the non-Western world _c[by] Vera Micheles Dean, with the collaboration of six area studies experts. |
| 250 | _a[Rev. ed.] | ||
| 260 |
_aNew York, _bNew American Library _c[1966] |
||
| 300 |
_a384 p. _c18 cm. |
||
| 490 | 0 | _aA Mentor book | |
| 504 | _aBibliography: p. 362-371. | ||
| 650 | 0 |
_aCivilization, Oriental. _940748 |
|
| 651 | 0 |
_aAfrica _xCivilization. _940749 |
|
| 651 | 0 |
_aLatin America _xCivilization. _940750 |
|
| 906 |
_a7 _bcbc _coclcrpl _du _encip _f19 _gy-gencatlg |
||
| 942 |
_2lcc _cMONOGRAPH |
||